[Event "Prague Holiday K11"]
[Site "Prague"]
[Date "2015.07.21"]
[Round "4"]
[White "Zizka, Petr"]
[Black "Melerowicz, Thomas"]
[Result "1/2-1/2"]
[WhiteElo "1696"]
[BlackElo "1878"]
[PlyCount "113"]
[EventDate "2015.07.19"]
[EventType "tourn"]
[EventRounds "9"]
[EventCountry "CZE"]
[SourceTitle "EXT 2017"]
[Source "ChessBase"]
[SourceDate "2016.10.25"]
[SourceVersion "1"]
[SourceVersionDate "2016.10.25"]
[SourceQuality "1"]

1. b3 Nf6 2. Bb2 g6 3. e3 Bg7 4. f4 0-0 5. Nf3 d6 6. d3 Re8 7. Qe2 e5 8. fxe5 dxe5 9. e4 Nc6 10. Nbd2 Nh5 11. g3 Bg4 12. Qf2 a5 13. h3 Bxf3 14. Nxf3 a4 15. Bg2 axb3 16. axb3 Rxa1+ 17. Bxa1 Bf8 18. 0-0 b6 19. Kh2 Bc5 20. Qd2 f6 21. Bb2 b5 22. c3 Qd6 23. b4 Bb6 24. Ra1 Rd8 25. Bf1 f5 26. Bc1 f4 27. gxf4 Nxf4 28. Qa2+ Kg7 29. Bxf4 exf4 30. d4 Nxd4 31. cxd4 Bxd4 32. Rc1 c6 33. Nxd4 f3+ 34. Kh1 Qxd4 35. Rxc6 Qxe4 36. Rc7+ Kh8 37. Qc2 Qxc2 38. Rxc2 Rd1 39. Kg1 Rb1 40. Kf2 Rxb4 41. Kxf3 Kg8 42. Rc5 Kg7 43. Bxb5 Rd4 44. Bc6 Rd3+ 45. Kg2 Rd4 46. Rc3 Rb4 47. Kf3 Rd4 48. Be4 Rb4 49. Kf4 Ra4 50. Ke5 Ra7 51. Ke6 Rf7 52. Bd5 Ra7 53. Rf3 Rc7 54. Kd6 Ra7 55. Be6 Ra6+ 56. Ke7 Ra7+ 57. Bd7 1/2-1/2

[Event "Prague Holiday K11"]
[Site "Prague"]
[Date "2015.07.20"]
[Round "3"]
[White "Melerowicz, Thomas"]
[Black "Pokorny, Jan1111"]
[Result "1-0"]
[WhiteElo "1878"]
[BlackElo "1839"]
[PlyCount "37"]
[EventDate "2015.07.19"]
[EventType "tourn"]
[EventRounds "9"]
[EventCountry "CZE"]
[SourceTitle "EXT 2017"]
[Source "ChessBase"]
[SourceDate "2016.10.25"]
[SourceVersion "1"]
[SourceVersionDate "2016.10.25"]
[SourceQuality "1"]

1. d4 Nf6 2. Bg5 e6 3. Nd2 Be7 4. e3 d5 5. Bd3 Nbd7 6. f4 c5 7. c3 b6 8. Ngf3 Bb7 9. Ne5 Ne4 10. Bb5 Bxg5 11. Nxe4 dxe4 12. Bxd7+ Kf8 13. Qh5 Qe7 14. fxg5 Kg8 15. 0-0 Rf8 16. Qg4 h5 17. Qh3 Rh7 18. g6 Rh6 19. gxf7+ 1-0